| Tag |
First Indicator |
Second Indicator |
Subfields |
| LEADER |
00000cam a2200000Ka 4500 |
| 001 |
in00003837101 |
| 006 |
m o d |
| 007 |
cr cnu---unuuu |
| 008 |
120817s2012 xx o 000 0 eng d |
| 005 |
20260609152619.8 |
| 019 |
|
|
|a 810317596
|a 817812040
|a 823134301
|
| 020 |
|
|
|a 9780124017214
|q (electronic bk.)
|
| 020 |
|
|
|a 0124017215
|q (electronic bk.)
|
| 020 |
|
|
|a 0124017495
|q (electronic bk.)
|
| 020 |
|
|
|a 9780124017498
|q (electronic bk.)
|
| 020 |
|
|
|z 1283594498
|
| 020 |
|
|
|z 9781283594493
|
| 020 |
|
|
|z 0124017215
|
| 035 |
|
|
|a (OCoLC)806465252
|z (OCoLC)810317596
|z (OCoLC)817812040
|z (OCoLC)823134301
|
| 037 |
|
|
|a BA245869-230B-4730-AD06-EB076DDEEEBF
|b OverDrive, Inc.
|n http://www.overdrive.com
|
| 040 |
|
|
|a OPELS
|b eng
|e pn
|c OPELS
|d TEFOD
|d CDX
|d N$T
|d YDXCP
|d OCLCQ
|d OCLCF
|d UIU
|d IDEBK
|d B24X7
|d OTZ
|d COO
|d OCLCQ
|d TEFOD
|d DEBSZ
|d OCLCQ
|d TEFOD
|d UIU
|d OCLCQ
|d STF
|d OCLCQ
|d UtOrBLW
|
| 049 |
|
|
|a TXAM
|
| 050 |
|
4 |
|a TP699
|b .S64 2012
|
| 072 |
|
7 |
|a TEC
|x 026000
|2 bisacsh
|
| 082 |
0 |
4 |
|a 622/.3383
|2 23
|
| 100 |
1 |
|
|a Speight, James G.
|0 http://id.loc.gov/authorities/names/n78072990
|
| 245 |
1 |
0 |
|a Shale oil production processes /
|c James G. Speight.
|
| 264 |
|
1 |
|a [Place of publication not identified] :
|b Gulf Professional Publishing,
|c 2012.
|
| 300 |
|
|
|a 1 online resource
|
| 336 |
|
|
|a text
|b txt
|2 rdacontent
|
| 337 |
|
|
|a computer
|b c
|2 rdamedia
|
| 338 |
|
|
|a online resource
|b cr
|2 rdacarrier
|
| 520 |
|
|
|a Shale Oil represents a huge additional global fossil fuel resource. However, extracting oil from the shale is no simple task; much still needs to be understood to make the process more cost-effective to increase economic flow rates. Clear and rigorous, Oil Shale Production Process will prove useful for those scientists and engineers already engaged in fossil fuel science and technology as well as scientists, non-scientists, engineers, and non-engineers who wish to gain a general overview or update of the science and technology of fossil fuels. Not only does the book discuss the production processes but also provides methods which should reduce environmental footprint by properly addressing: surface mining and extraction processes, in situ conversion process and hydrotreatment. Covers production processes technologies such as: surface mining and retorting, in Situ Retoring and processes, direct and indirect retorting and hydrotreatment for shale oil. Methods which should reduce environmental footprint Easy-to-read understand overview of the chemistry, engineering, and technology of shale oil.
|
| 588 |
0 |
|
|a Title information from publisher's Web site; (ScienceDirect; viewed on Aug. 17, 2012).
|
| 500 |
|
|
|a Electronic resource.
|
| 650 |
|
0 |
|a Oil-shale industry.
|0 http://id.loc.gov/authorities/subjects/sh85094359
|
| 650 |
|
0 |
|a Shale oils.
|0 http://id.loc.gov/authorities/subjects/sh85121076
|
| 650 |
|
7 |
|a TECHNOLOGY & ENGINEERING
|x Mining.
|2 bisacsh
|
| 650 |
|
7 |
|a Oil-shale industry.
|2 fast
|0 (OCoLC)fst01044960
|
| 650 |
|
7 |
|a Shale oils.
|2 fast
|0 (OCoLC)fst01115138
|
| 655 |
|
7 |
|a Electronic books.
|2 local
|
| 710 |
2 |
|
|a Knovel (Firm)
|0 http://id.loc.gov/authorities/names/nr2001027264
|
| 856 |
4 |
0 |
|u http://proxy.library.tamu.edu/login?url=https://app.knovel.com/hotlink/toc/id:kpSOPP0003/shale-oil-production
|z Connect to the full text of this electronic book
|t 0
|
| 999 |
f |
f |
|s 9a73a284-659c-3065-be59-3eb0f8b60bd3
|i 2f7d05d1-a4d4-3f3c-9b8a-4629539e439b
|t 0
|
| 952 |
f |
f |
|a Texas A&M University
|b College Station
|c Electronic Resources
|s www_evans
|d Available Online
|t 0
|e TP699 .S64 2012
|h Library of Congress classification
|
| 998 |
f |
f |
|a TP699 .S64 2012
|t 0
|l Available Online
|